Quiz o Mławie - Statystyki

Ogólne statystyki
  • Ten quiz został rozwiązany 6 razy
  • Średni wynik to 9 z 15
Statystyki odpowiedzi
Pytanie Odpowiedź % Poprawnych
W jakim leży województwie? Mazowieckie
100%
W jakim województwie się znajdowała Mława w latach 1975-1998? Ciechanowskie
80%
Najbliższe miasto: Działdowo
80%
Najsłynniejszy klub piłkarski w tym mieście: {Mławianka} Mława
80%
Najsłynniejsze muzeum w Mławie: Muzeum Ziemi {Zawkrzeńskiej}
80%
Droga ekspresowa znajdująca się w granicach Mławy: S7
80%
Z jakim województwem Mława graniczy? Warmińsko-Mazurskie
80%
Tablice rejestracyjne: WML
80%
Jak się nazywa aktualny burmistrz Mławy? Piotr Jankowski
60%
Nad jaką rzeką leży Mława? Seracz
60%
W którym wieku to miasto zyskało prawa miejskie? XV
60%
Jaki jest numer kierunkowy w tym mieście? 23
40%
Mława jest położona na pograniczu tych dwóch mezoregionów: Wzniesienie {Mławskie}
40%
Przydomek związku operacyjnego walczącego w Bitwie pod Mławą: Armia {"Modlin"}
20%
Mława jest położona na pograniczu tych dwóch mezoregionów: Równina {Raciąska}
0%
Nie znaleziono quizów pasujących do podanych kryteriów
Rozkład punktacji
Procent ludzi z każdym wynikiem
Percentyl według liczby udzielonych odpowiedzi
Twoja historia wyników
Nie rozwiązałeś tego quizu